The flame of attention / (Record no. 66981)

MARC details
000 -LEADER
fixed length control field 00806nam a22002297a 4500
005 - DATE AND TIME OF LATEST TRANSACTION
control field 20120411115531.0
008 - FIXED-LENGTH DATA ELEMENTS--GENERAL INFORMATION
fixed length control field 120411t xxu||||| |||| 00| 0 eng d
010 ## - LCCN (DPL NO)
LC control number ENG-105341
020 ## - INTERNATIONAL STANDARD BOOK NUMBER
International Standard Book Number 9788187326724
Terms of availability 90.00
035 ## - SYSTEM CONTROL NUMBER
System control number EN-88874
037 ## - SOURCE OF ACQUISITION
Source of stock number/acquisition DBAD/PUB
040 ## - CATALOGING SOURCE
Original cataloging agency DPL
Language of cataloging Eng
082 ## - DEWEY DECIMAL CLASSIFICATION NUMBER
Classification number 181.499
100 ## - MAIN ENTRY--PERSONAL NAME
9 (RLIN) 44715
Personal name Krishnamurti, J.
245 ## - TITLE STATEMENT
Title The flame of attention /
Statement of responsibility, etc by J.Krishnamurti
250 ## - EDITION STATEMENT
Edition statement 2nd ed.
260 ## - PUBLICATION, DISTRIBUTION, ETC. (IMPRINT)
Place of publication, distribution, etc Chennai
Name of publisher, distributor, etc Krishnamurti Foundation India
Date of publication, distribution, etc 2011
270 ## - ADDRESS
Address Vasanta Vihar,124Greenway Road,
City Chennai
Postal code 600028
300 ## - PHYSICAL DESCRIPTION
Extent 150p.
Dimensions 18cm (pbk)
942 ## - ADDED ENTRY ELEMENTS (KOHA)
Source of classification or shelving scheme Dewey Decimal Classification
Item type English Books
Call number suffix KRI
Classification part 181.499
Holdings
Withdrawn status Lost status Source of classification or shelving scheme Damaged status Not for loan Collection code Home library Current library Date acquired Source of acquisition Cost, normal purchase price Total Checkouts Full call number Barcode Date last seen Copy number Cost, replacement price Koha item type
    Dewey Decimal Classification   Not For Loan Non-fiction D.B.Act.Division D.B.Act.Division 21/05/2012 DBAD / PUB 90.00   181.499 KRI EN-88874 21/05/2012 1 90.00 English Books

© Delhi Public Library
Hit Counter
free hit counter